Los últimos días de Pompeya / (Registro nro. 95353)
[ vista simple ]
| 000 -LEADER | |
|---|---|
| campo de control de longitud fija | 00772nam a2200229 i 4500 |
| 001 - NÚMERO DE CONTROL | |
| campo de control | 95353 |
| 003 - IDENTIFICADOR DE NÚMERO DE CONTROL | |
| campo de control | ES-MaACL |
| 005 - FECHA Y HORA DE LA ÚLTIMA TRANSACCIÓN | |
| campo de control | 20250702044729.0 |
| 007 - CAMPO FIJO DE DESCRIPCIÓN FÍSICA--INFORMACIÓN GENERAL | |
| campo de control de longitud fija | t| |
| 008 - DATOS DE LONGITUD FIJA--INFORMACIÓN GENERAL | |
| campo de control de longitud fija | 050526s1968 mx ||||1| spa d |
| 080 ## - NÚMERO DE LA CLASIFICACIÓN DECIMAL UNIVERSAL | |
| Número de la Clasificación Decimal Universal | 821.111-31"18" |
| 100 1# - ENTRADA PRINCIPAL--NOMBRE DE PERSONA | |
| Nombre de persona | Lytton, Edward Bulwer Lytton |
| Títulos y otros términos asociados al nombre | Baron. |
| 9 (RLIN) | 74965 |
| 245 14 - MENCIÓN DEL TÍTULO | |
| Título | Los últimos días de Pompeya / |
| Mención de responsabilidad, etc. | por E.T. Bulwer ; traducidos por Isaac Núñez de Arenas. |
| 260 ## - PUBLICACIÓN, DISTRIBUCIÓN, ETC. | |
| Lugar de publicación, distribución, etc. | México : |
| Nombre del editor, distribuidor, etc. | Editora Nacional, |
| Fecha de publicación, distribución, etc. | 1968. |
| 300 ## - DESCRIPCIÓN FÍSICA | |
| Extensión | 2 t. en 1 v. ; |
| Dimensiones | 17 cm. |
| 490 1# - MENCIÓN DE SERIE | |
| Mención de serie | Colección económica ; |
| Designación de volumen o secuencia | 74 |
| 651 #4 - PUNTO DE ACCESO ADICIONAL DE MATERIA--NOMBRE GEOGRÁFICO | |
| Nombre geográfico | Pompeya (Ciudad desaparecida)- |
| Subdivisión de forma | Novelas. |
| 9 (RLIN) | 173248 |
| 700 1# - ENTRADA AGREGADA--NOMBRE PERSONAL | |
| Nombre de persona | Núñez de Arenas, Isaac, |
| Fechas asociadas al nombre | 1812-1869 |
| 9 (RLIN) | 86181 |
| 830 1# - PUNTO DE ACCESO ADICIONAL DE SERIE-TÍTULO UNIFORME | |
| Título uniforme | Colección económica ; |
| Designación de volumen o secuencia | 74 |
| 9 (RLIN) | 182564 |
| 852 ## - LOCALIZACIÓN | |
| Ubicación | ES-MaACL |
| Número de control de estantería | E-9827 |
| Estatus retirado | Estado de pérdida | Estado de daño | No para préstamo | Biblioteca de origen | Biblioteca actual | Ubicación en estantería | Fecha de adquisición | Fuente de adquisición | Total de préstamos | Signatura topográfica completa | Código de barras | Visto por última vez | Precio de reemplazo | Tipo de ítem Koha |
|---|---|---|---|---|---|---|---|---|---|---|---|---|---|---|
| Biblioteca del Ateneo de Madrid | Biblioteca del Ateneo de Madrid | Depósito 2 | 17/01/2008 | E-9827 | 1099568 | 23/02/2023 | 23/02/2023 | Libro impreso |
